Hamilton Lyrics Sort #32 - One Last Time - Statistics

General Stats
  • This quiz has been taken 16 times
  • The average score is 28 of 95
Answer Stats
Hint Answer % Correct
Line 1 Mr. President, you asked to see me?
88%
Line 2 I know you're busy
63%
Line 5 I want to give you a word of warning
63%
Line 17 I need you to draft an address
50%
Line 7 But whatever it is, Jefferson started it
38%
Line 23 Good luck defeating you, sir
38%
Line 22 Ha!
38%
Line 21 He's stepping down so he can run for President
38%
Line 14 I'll use the press
38%
Line 15 I'll write under a pseudonym
38%
Line 25 I'm not running for President
38%
Line 26 I'm sorry, what?
38%
Line 24 I'm stepping down
38%
Line 10 I need a favor
38%
Line 12 Jefferson will pay for this behavior
38%
Line 20 No [1]
38%
Line 27 One last time [1]
38%
Line 29 One last time [2]
38%
Line 28 Relax, have a drink with me
38%
Line 13 Shh, talk less
38%
Line 6 Sir, I don't know what you heard
38%
Line 8 Thomas Jefferson resigned this morning
38%
Line 11 Whatever you say, sir
38%
Line 18 Yes! He resigned
38%
Line 19 You can finally speak your mind
38%
Line 16 You'll see what I can do to him
38%
Line 9 You're kidding
38%
Line 48 And if we get this right
25%
Line 61 And no one shall make them afraid"
25%
Line 71 And that after 45 years of my life
25%
Line 82 And the happy reward, as I trust
25%
Line 31 And then we'll teach 'em how to say goodbye
25%
Line 43 As far as the people are concerned
25%
Line 74 As I myself must soon be to the mansions of rest
25%
Line 39 But–
25%
Line 72 Dedicated to its service with an upright zeal
25%
Line 60 "Everyone shall sit under their own vine and fig tree
25%
Line 87 Going home (George Washington's going home!)
25%
Line 88 History has its eyes on you, you, you, yeah (George Washington's going home!)
25%
Line 67 I am nevertheless to sensible of my defects
25%
Line 66 I am unconscious of intentional error
25%
Line 75 I anticipate with pleasing expectation that retreat
25%
Line 57 If I say goodbye, the nation learns to move on
25%
Line 78 In the midst of my fellow citizens
25%
Line 76 In which I promise myself to realize
25%
Line 69 I shall also carry with me the hope that
25%
Line 37 Is this the best time–
25%
Line 58 It outlives me when I'm gone
25%
Line 41 I wanna talk about what I have learned
25%
Line 35 I want to talk about neutrality
25%
Line 38 I want to warn against partisan fighting
25%
Line 30 Let's take a break tonight
25%
Line 59 Like the Scripture says
25%
Line 51 Mr. President, they will say you're weak
25%
Line 70 My country will view them with indulgence
25%
Line 52 No! [2]
25%
Line 34 No, Sir, why?
25%
Line 68 Not to think it probable that I may have committed many errors
25%
Line 83 Of our mutual cares, labors, and dangers"
25%
Line 45 One last time [3]
25%
Line 47 One last time [4]
25%
Line 63 One last time [5]
25%
Line 64 One last time [6]
25%
Line 84 One last time (George Washington's going home)
25%
Line 94 One last time! (One last time!)
25%
Line 40 Pick up a pen, start writing
25%
Line 93 Say goodbye! (Say goodbye!)
25%
Line 4 Sir?
25%
Line 36 Sir, with Britain and France on the verge of war
25%
Line 55 So I'll use it to move them along
25%
Line 85 Teach 'em how to say goodbye (George Washington's going home)
25%
Line 79 The benign influence of good laws
25%
Line 81 The ever-favorite object of my heart
25%
Line 73 The faults of incompetent abilities will be consigned to oblivion
25%
Line 42 The hard-won wisdom I have earned
25%
Line 46 The people will hear from me
25%
Line 77 The sweet enjoyment of partaking
25%
Line 62 They'll be safe in this nation we've made
25%
Line 53 They will see we're strong
25%
Line 65 "Though, in reviewing the incidents of my administration
25%
Line 32 To say goodbye
25%
Line 80 Under a free government
25%
Line 49 We're gonna teach 'em how to say goodbye
25%
Line 89 We're gonna teach them how to
25%
Line 3 What do you need, sir?
25%
Line 56 Why do you have to say goodbye?
25%
Line 33 You and I [1]
25%
Line 50 You and I [2]
25%
Line 86 You and I (George Washington's going home!)
25%
Line 44 You have to serve, you could continue to serve (no!)
25%
Line 54 Your position is so unique
25%
Line 90 Say goodbye! (teach them how to say goodbye!)
13%
Line 91 Teach them how to say goodbye! (teach them how)
13%
Line 95 Time!
13%
Line 92 To say goodbye! (Say goodbye!)
13%
No matching quizzes found
Score Distribution
Percent of People with Each Score
Percentile by Number Answered
Your Score History
You have not taken this quiz